[Event "ICS rated blitz match"]
[Site "204.178.125.65"]
[Date "2000.04.13"]
[Round "?"]
[White "Hossa"]
[Black "LittleOne"]
[Result "0-1"]
[WhiteElo "2376"]
[BlackElo "2171"]
[PlyCount "124"]

1. e4 e6 2. d4 d5 3. Nc3 Bb4 4. e5 Bf8 5. Nf3 c5 6. Bg5 Qb6 7. Bb5+ Bd7 8. a4
Bxb5 9. axb5 c4 10. O-O Bb4 11. Rb1 h6 12. Be3 Ne7 13. Nd2 Nf5 14. g4 Nxe3 15.
fxe3 Nd7 16. Rf2 Be7 17. Qf3 O-O 18. Rff1 a6 19. bxa6 Qxa6 20. Qg2 b5 21. Qf3
b4 22. Ne2 f6 23. exf6 Nxf6 24. Nf4 c3 25. bxc3 bxc3 26. Nb3 Ne4 27. Qh3 Bg5
28. Nc5 Nxc5 29. dxc5 Rab8 30. Rxb8 Rxb8 31. Nd3 Qc4 32. Qf3 Kh7 33. Re1 Ra8
34. Rb1 Qe4 35. Qxe4+ dxe4 36. Nf4 Ra2 37. Rb4 Rxc2 38. Rc4 Bxf4 39. exf4 e3
40. Kf1 Rf2+ 41. Kg1 c2 42. c6 Rd2 43. c7 e2 44. Kf2 Rd1 45. Kxe2 c1=Q 46. Rxc1
Rxc1 47. h4 Rxc7 48. h5 Rc3 49. Kf2 Kg8 50. Kg2 Kf7 51. Kf2 Kf6 52. Kg2 e5 53.
fxe5+ Kxe5 54. Kg1 Rc2 55. Kf1 Ke4 56. g5 hxg5 57. h6 gxh6 58. Ke1 Kd3 59. Kf1
Ke3 60. Kg1 Kf3 61. Kh1 Kg3 62. Kg1 Rc1# 0-1

[Event "ICS rated blitz match"]
[Site "204.178.125.65"]
[Date "2000.04.13"]
[Round "?"]
[White "Hossa"]
[Black "LittleOne"]
[Result "1-0"]
[WhiteElo "2352"]
[BlackElo "2190"]
[PlyCount "129"]

1. e4 e6 2. d4 d5 3. Nc3 Bb4 4. e5 Bf8 5. Nf3 c5 6. Bg5 Qb6 7. Bb5+ Bd7 8. a4
Bxb5 9. axb5 c4 10. O-O Bb4 11. Rb1 h6 12. Be3 Ne7 13. Nd2 Nd7 14. Qg4 Nf5 15.
Nxd5 exd5 16. Qxf5 Nf8 17. c3 Be7 18. b3 cxb3 19. Rxb3 Qc7 20. Ra1 b6 21. Ra6
Ne6 22. Ra4 O-O 23. Qg4 Kh8 24. c4 dxc4 25. Rxc4 Qd7 26. Qf5 Qd5 27. Qd3 Rad8
28. Qc2 Bg5 29. Bxg5 Nxg5 30. Ra3 Ne6 31. Nf3 Rd7 32. Rb3 Kg8 33. Rbb4 Rfd8 34.
Rc6 Rf8 35. Rc8 g6 36. Rxf8+ Kxf8 37. Qd2 Kg7 38. Qe2 Rc7 39. Qd1 Rc3 40. Ra4
Rc7 41. Qf1 Qe4 42. Rc4 Rd7 43. Qd1 Nf4 44. Rc2 Qd5 45. Qf1 Ne6 46. Rd2 Rc7 47.
h3 Rc4 48. Qa1 Rc7 49. Qb2 Nf4 50. Ne1 Rc4 51. Kf1 Ra4 52. Nf3 Nxh3 53. Rc2 Nf4
54. Kg1 Qe4 55. Rd2 Qd5 56. Kh1 Rc4 57. Rc2 Rxc2 58. Qxc2 Qxb5 59. Qc1 Ne6 60.
Kg1 Qd3 61. Qc6 Qxd4 62. Nxd4 Nxd4 63. Qf6+ Kg8 64. Qd8+ Kg7 65. Qxd4 1-0

[Event "ICS rated standard match"]
[Site "204.178.125.65"]
[Date "2000.04.13"]
[Round "?"]
[White "Caterpie"]
[Black "Hossa"]
[Result "0-1"]
[WhiteElo "2035"]
[BlackElo "2292"]
[PlyCount "48"]

1. d4 d5 2. c4 e6 3. Nc3 Nf6 4. Bg5 Be7 5. e3 O-O 6. Nf3 Nbd7 7. a3 c5 8. dxc5
Nxc5 9. b4 Nce4 10. Nxe4 dxe4 11. Qxd8 Rxd8 12. Nd2 h6 13. Bf4 Bd7 14. Be2 Ba4
15. Ra2 Rd7 16. O-O Rad8 17. Nb1 Bb3 18. Rb2 Bd1 19. Bxd1 Rxd1 20. Nc3 R1d3 21.
Rc2 Rc8 22. c5 Nd5 23. Nxd5 exd5 24. Ra1 Bf6 0-1

[Event "ICS Rated blitz match"]
[Site "204.178.125.65"]
[Date "2000.04.13"]
[Round "?"]
[White "QueenMaxima"]
[Black "Hossa"]
[Result "1-0"]
[WhiteElo "2479"]
[BlackElo "2361"]
[PlyCount "97"]

1. d4 d5 2. c4 e6 3. Nc3 Nf6 4. Nf3 Be7 5. Bg5 h6 6. Bh4 Nc6 7. e3 g5 8. Bg3
Bb4 9. Bd3 dxc4 10. Bxc4 Ne4 11. Qd3 Nxg3 12. fxg3 g4 13. Nd2 h5 14. O-O-O Bd7
15. Nb3 a6 16. d5 Ne5 17. Qd4 Bd6 18. Ne4 Qe7 19. Nbc5 O-O-O 20. Nxd6+ cxd6 21.
Nxa6 Ba4 22. Rd2 b5 23. Be2 Qb7 24. Qc3+ Kd7 25. Nc5+ dxc5 26. Qxe5 Kc8 27.
dxe6 Qxg2 28. Rhd1 Bxd1 29. Qxc5+ Kb8 30. Qxb5+ Qb7 31. Rxd8+ Rxd8 32. e7 Rc8+
33. Kxd1 Kc7 34. Qxb7+ Kxb7 35. Bb5 Kb8 36. e8=Q Rxe8 37. Bxe8 h4 38. gxh4 f5
39. h5 Kc8 40. h6 g3 41. hxg3 Kd8 42. Bh5 Kd7 43. h7 Ke6 44. h8=Q Kd7 45. b4
Ke6 46. Qd8 Ke5 47. Bf7 Ke4 48. Ke2 f4 49. Qd5# 1-0

[Event "ICS rated standard match"]
[Site "204.178.125.65"]
[Date "2000.04.13"]
[Round "?"]
[White "Hossa"]
[Black "murtuz"]
[Result "1-0"]
[WhiteElo "2298"]
[BlackElo "2028"]
[PlyCount "79"]

1. e4 c6 2. d4 d5 3. Nc3 e6 4. Nf3 Bb4 5. exd5 cxd5 6. Be3 Bxc3+ 7. bxc3 Nf6 8.
Bd3 O-O 9. O-O Nc6 10. Bg5 h6 11. Bh4 a6 12. Ne5 Nb8 13. Re1 Nbd7 14. Qf3 Qc7
15. Bg3 Nxe5 16. Bxe5 Qe7 17. Qf4 Rd8 18. Bc7 Rd7 19. Ba5 Qd6 20. Qd2 b6 21.
Bb4 Qc7 22. Rab1 a5 23. Ba3 Ba6 24. Rb2 Bxd3 25. cxd3 Rb8 26. Rb5 Ne8 27. Reb1
Rc8 28. Qd1 Qxc3 29. Rc1 Qxa3 30. Rxc8 Kf8 31. Rxb6 Rc7 32. Rxc7 Nxc7 33. Qc2
Ne8 34. Qc5+ Qxc5 35. dxc5 Nc7 36. Rb7 Na6 37. c6 Ke8 38. Ra7 Nc5 39. Ra8+ Ke7
40. c7 1-0

[Event "ICS rated blitz match"]
[Site "204.178.125.65"]
[Date "2000.04.13"]
[Round "?"]
[White "Hossa"]
[Black "PostModernist"]
[Result "1-0"]
[WhiteElo "2348"]
[BlackElo "2565"]
[PlyCount "145"]
[EventDate "2000.??.??"]

1. e4 e5 2. Nf3 Nc6 3. Nc3 Nf6 4. Nxe5 Bb4 5. Nxc6 dxc6 6. d3 Qd4 7. Bd2 Ng4 8.
Qe2 Bc5 9. Nd1 O-O 10. c3 Qd8 11. g3 Ne5 12. h3 Ng6 13. Ne3 Be6 14. d4 Be7 15.
f4 Nh8 16. f5 Bd7 17. Bg2 c5 18. O-O Re8 19. Nd5 cxd4 20. cxd4 Bc6 21. Nxe7+
Qxe7 22. Rfe1 f6 23. Qc4+ Nf7 24. Bf4 Rac8 25. d5 Bd7 26. Bxc7 Nd6 27. Qc5 Nb5
28. Qxe7 Rxe7 29. Bf4 Rc2 30. Rab1 Nd4 31. Red1 Rxg2+ 32. Kxg2 Rxe4 33. Rd2
Nxf5 34. Kf2 g5 35. Bb8 Ng7 36. Bxa7 Bxh3 37. Bd4 Nh5 38. Rh1 Bg4 39. d6 Ng7
40. Bxf6 Bd7 41. Bxg5 Nf5 42. Bh6 b5 43. Rh5 Nxh6 44. Rxh6 Kg7 45. Rh5 h6 46.
Rh4 Re6 47. Rf4 Rf6 48. Rxf6 Kxf6 49. g4 Ke5 50. Ke3 Kf6 51. Kf4 Ke6 52. b3 b4
53. Rd4 Bc6 54. Rxb4 Kxd6 55. Rb8 Kc5 56. Rh8 Bg2 57. a3 Kd4 58. Rxh6 Kc3 59.
Rh2 Bf1 60. Rf2 Bb5 61. Rf3+ Kd2 62. Ke5 Kc2 63. Rg3 Be8 64. g5 Bf7 65. g6 Bxg6
66. Rxg6 Kxb3 67. Kd4 Kc2 68. Rg2+ Kd1 69. Ke3 Kc1 70. Kd3 Kb1 71. Kc3 Ka1 72.
Kb3 Kb1 73. Rg1# 1-0

[Event "ICS rated blitz match"]
[Site "204.178.125.65"]
[Date "2000.04.13"]
[Round "?"]
[White "Beadle"]
[Black "Hossa"]
[Result "1-0"]
[WhiteElo "2559"]
[BlackElo "2373"]
[PlyCount "127"]

1. d4 Nf6 2. c4 d6 3. Nc3 Nbd7 4. e4 e5 5. Nf3 exd4 6. Nxd4 Nc5 7. Bd3 Nxd3+ 8.
Qxd3 Ng4 9. Bf4 g5 10. Nd5 c6 11. Bxg5 f6 12. Bd2 cxd5 13. cxd5 Ne5 14. Qb5+
Bd7 15. Qxb7 Nd3+ 16. Kf1 Nc5 17. Qb4 Nxe4 18. Re1 f5 19. f3 Rb8 20. Qc3 Bg7
21. fxe4 O-O 22. e5 dxe5 23. Nc6 Bxc6 24. dxc6 Qd6 25. c7 Rbc8 26. Qc4+ Rf7 27.
Ba5 e4 28. Re2 Qd1+ 29. Re1 Qd6 30. Re2 Be5 31. g3 Qf8 32. Kg2 Bxc7 33. Rc1 Qd6
34. Rd2 Qe5 35. Rd7 Qxb2+ 36. Kh3 Qg7 37. Qxf7+ Qxf7 38. Rxf7 Bxa5 39. Rxc8+
Kxf7 40. Rc5 Bd2 41. Rxf5+ Ke6 42. Kg4 h6 43. Rf8 Ke5 44. Rd8 Ba5 45. Ra8 Bb6
46. Rh8 e3 47. Kf3 Kd4 48. Rxh6 Kd3 49. h4 Bd4 50. h5 Be5 51. Re6 Bd4 52. h6
Kc2 53. g4 Kc3 54. g5 Bc5 55. g6 a5 56. g7 Bd4 57. g8=Q a4 58. h7 e2 59. Kxe2
Kb4 60. Kd3 Ka3 61. Kxd4 Kxa2 62. Qg3 a3 63. Re2+ Ka1 64. Qg1# 1-0

[Event "ICS Rated standard match"]
[Site "204.178.125.65"]
[Date "2000.04.13"]
[Round "?"]
[White "chuda"]
[Black "Hossa"]
[Result "0-1"]
[WhiteElo "2002"]
[BlackElo "2304"]
[PlyCount "29"]

1. e4 d5 2. exd5 Qxd5 3. Nc3 Qd6 4. d4 Nf6 5. Nf3 c6 6. Bc4 Bg4 7. Be3 Nbd7 8.
Qd2 Bxf3 9. gxf3 e6 10. Ne4 Qb4 11. Qxb4 Bxb4+ 12. c3 Be7 13. Bg5 Nxe4 14. Bxe7
Nxc3 15. Bd6 0-1

[Event "ICS rated standard match"]
[Site "204.178.125.65"]
[Date "2000.04.13"]
[Round "?"]
[White "Hossa"]
[Black "chuda"]
[Result "1-0"]
[WhiteElo "2309"]
[BlackElo "1997"]
[PlyCount "71"]

1. d4 Nc6 2. Nf3 d5 3. c4 Nf6 4. cxd5 Nxd5 5. e4 Nf6 6. d5 Nb8 7. Nc3 e6 8. Bg5
h6 9. Bb5+ Bd7 10. Bxf6 Qxf6 11. dxe6 fxe6 12. e5 Qf7 13. O-O Nc6 14. Bxc6 Bxc6
15. Nd4 O-O-O 16. Qg4 Bd7 17. Rac1 h5 18. Qh3 g5 19. Ncb5 Bxb5 20. Nxb5 Rd7 21.
Qe3 b6 22. Nxa7+ Kb7 23. Nc6 Rd5 24. b4 Bh6 25. Rc2 g4 26. Qe2 Qd7 27. b5 Rf8
28. a4 Ra8 29. Ra2 Rd3 30. a5 bxa5 31. Nxa5+ Kc8 32. Nc6 Rda3 33. Rxa3 Rxa3 34.
Rd1 Qf7 35. Rd8+ Kb7 36. Rb8# 1-0

[Event "ICS rated blitz match"]
[Site "204.178.125.65"]
[Date "2000.04.13"]
[Round "?"]
[White "Hossa"]
[Black "QueenMaxima"]
[Result "1-0"]
[WhiteElo "2361"]
[BlackElo "2504"]
[PlyCount "137"]

1. e4 c5 2. Nf3 d6 3. d4 cxd4 4. Nxd4 Nf6 5. Nc3 a6 6. Bg5 e6 7. f4 Be7 8. Qf3
Qc7 9. O-O-O Nbd7 10. g4 b5 11. Bxf6 Nxf6 12. g5 Nd7 13. f5 Bxg5+ 14. Kb1 Ne5
15. Qh5 Qd8 16. Rg1 Bf6 17. fxe6 O-O 18. Bh3 g6 19. Nd5 Kh8 20. Qe2 fxe6 21.
Bxe6 Nf3 22. Nxf3 Bxe6 23. e5 Bg7 24. Nc3 Qc8 25. exd6 Bxc3 26. bxc3 Qxc3 27.
Qe5+ Qxe5 28. Nxe5 Rf2 29. d7 Rd8 30. Rd6 Bxd7 31. h4 Rc8 32. Nxd7 Rcxc2 33.
Rxa6 Rcd2 34. Ne5 Rfe2 35. Ra8+ Kg7 36. Ra7+ Kf6 37. Nf3 Rb2+ 38. Ka1 h5 39.
Ra6+ Ke7 40. Rgxg6 Rbc2 41. Rae6+ Rxe6 42. Rxe6+ Kxe6 43. Nd4+ Ke5 44. Nxc2 Kd5
45. Kb2 Ke4 46. Na3 b4 47. Nc2 Ke5 48. Nxb4 Ke4 49. Nd5 Kxd5 50. Kc3 Kc5 51.
Kd3 Kd5 52. a4 Kd6 53. Ke4 Kc5 54. Kf4 Kd5 55. Kg5 Kd6 56. Kxh5 Kc6 57. Kg6 Kd5
58. h5 Kc5 59. h6 Kb4 60. h7 Kxa4 61. h8=Q Kb4 62. Qe8 Kc4 63. Kf5 Kd3 64. Qa4
Kd2 65. Ke4 Kc3 66. Ke3 Kb2 67. Kd3 Kb1 68. Kc3 Kc1 69. Qa1# 1-0

[Event "ICS rated blitz match"]
[Site "204.178.125.65"]
[Date "2000.04.13"]
[Round "?"]
[White "QueenMaxima"]
[Black "Hossa"]
[Result "1-0"]
[WhiteElo "2482"]
[BlackElo "2383"]
[PlyCount "129"]

1. d4 d5 2. c4 e6 3. Nc3 Nf6 4. Nf3 Bb4 5. Bg5 dxc4 6. e4 c5 7. e5 cxd4 8. Nxd4
Qa5 9. exf6 Bxc3+ 10. bxc3 Qxg5 11. fxg7 Qxg7 12. Qf3 Nd7 13. Bxc4 O-O 14. Bb3
Nc5 15. O-O e5 16. Ne2 Bg4 17. Qe3 Bxe2 18. Qxe2 Rad8 19. Qe3 b6 20. Rfe1 Rfe8
21. Rad1 Rxd1 22. Rxd1 Qg6 23. Bc4 Qg4 24. Rd4 Qg6 25. Rd5 Qb1+ 26. Bf1 f6 27.
Rd6 Rf8 28. Qh6 Qxa2 29. Rxf6 Rxf6 30. Qxf6 e4 31. Qd8+ Kf7 32. Qh8 Kg6 33. c4
h5 34. h4 Qd2 35. Qe8+ Kh6 36. Qf8+ Kg6 37. Qe7 a6 38. Qe8+ Kg7 39. Qxh5 Qf4
40. g3 Qf6 41. Qg4+ Kh7 42. h5 Qe6 43. Qxe6 Nxe6 44. Kg2 a5 45. Be2 Nd4 46. Bd1
Kg7 47. Kh3 e3 48. fxe3 Nf5 49. e4 Nd6 50. Bc2 Nxc4 51. g4 Ne3 52. Ba4 Kf6 53.
h6 Kg6 54. g5 Nc4 55. Kh4 Ne5 56. Be8+ Kh7 57. Kh5 Kg8 58. g6 a4 59. Bxa4 Nxg6
60. Kxg6 b5 61. h7+ Kh8 62. e5 b4 63. e6 b3 64. e7 b2 65. e8=Q# 1-0

[Event "ICS rated blitz match"]
[Site "204.178.125.65"]
[Date "2000.04.13"]
[Round "?"]
[White "Hossa"]
[Black "Zippy"]
[Result "1-0"]
[WhiteElo "2371"]
[BlackElo "2246"]
[PlyCount "161"]

1. e4 c5 2. Nf3 d6 3. d4 cxd4 4. Nxd4 Nf6 5. Nc3 a6 6. Be3 e5 7. Nb3 Ng4 8. Bd2
Be6 9. Bd3 Nf6 10. Bg5 Be7 11. Bxf6 Bxf6 12. O-O Bg5 13. Nd5 O-O 14. c4 Nc6 15.
Re1 Kh8 16. Qh5 g6 17. Qe2 Rc8 18. Rab1 Ne7 19. Rbd1 f5 20. Nxe7 Qxe7 21. exf5
Bxf5 22. Bxf5 Rxf5 23. Rd5 Rcf8 24. f3 b6 25. Red1 Rd8 26. Nd2 Qc7 27. Ne4 Be7
28. Qd3 Rf4 29. b3 b5 30. c5 Qa7 31. Kh1 Qb8 32. cxd6 Bf8 33. Rxe5 Rf7 34. Re6
Bg7 35. Ng5 Rf5 36. Qe3 Qc8 37. Rc1 Qb8 38. Rc5 Rxd6 39. Re8+ Rf8 40. Nf7+ Kg8
41. Nxd6 Qxd6 42. Rxf8+ Bxf8 43. Rc1 a5 44. Qc3 Qd8 45. f4 b4 46. Qc2 Qd5 47.
Qc4 Qxc4 48. bxc4 Bc5 49. Rd1 a4 50. Rd5 Be3 51. g3 Kf7 52. Ra5 a3 53. Rb5 Bd2
54. Rb7+ Ke6 55. Rxh7 b3 56. axb3 Be3 57. Rh8 Kd6 58. b4 Bc1 59. Rg8 Bb2 60.
Rxg6+ Kd7 61. Ra6 Bc3 62. b5 Bb4 63. Kg2 Bc5 64. g4 Bd6 65. Kg3 Bb4 66. Kf2 Bd2
67. Kf3 Bb4 68. Ke4 Bd6 69. Kf5 Bc5 70. Ke5 Kc7 71. h4 Kd7 72. Kd5 Bb4 73. c5
Bd2 74. f5 Bc1 75. f6 Bf4 76. Ra8 Kc7 77. b6+ Kb7 78. f7 Bh6 79. Ra7+ Kc8 80.
c6 a2 81. Ra8# 1-0

[Event "ICS rated blitz match"]
[Site "204.178.125.65"]
[Date "2000.04.13"]
[Round "?"]
[White "Zippy"]
[Black "Hossa"]
[Result "1-0"]
[WhiteElo "2236"]
[BlackElo "2381"]
[PlyCount "99"]
[EventDate "2000.??.??"]

1. e4 e5 2. Nf3 Nc6 3. Bc4 Bc5 4. b4 Bxb4 5. c3 Ba5 6. d4 d6 7. dxe5 dxe5 8.
Qxd8+ Nxd8 9. Nxe5 Be6 10. Ba3 f6 11. Bxe6 fxe5 12. Bf5 Nf6 13. f3 Nc6 14. O-O
Bb6+ 15. Kh1 Rd8 16. Be6 a6 17. g3 Na7 18. Bc1 Rd6 19. Bc4 Nc6 20. Ba3 Rd7 21.
Be6 Rd8 22. Kg2 Nd4 23. cxd4 Bxd4 24. Rc1 Bxa1 25. Rxc7 Nd7 26. Rxb7 Bd4 27.
Nd2 g6 28. Nc4 Nc5 29. Bf7+ Kf8 30. Rc7 Rb8 31. Bd5 Rb5 32. Nd6 Rb8 33. Rf7+
Kg8 34. Rb7+ Kf8 35. Rxb8+ Kg7 36. Ne8+ Rxe8 37. Rxe8 Nd3 38. Bf8+ Kf6 39. Re7
Ne1+ 40. Kh1 Nxf3 41. Rxh7 Bc5 42. Bxc5 g5 43. Rf7+ Kg6 44. Rxf3 g4 45. Ra3 a5
46. Rxa5 Kf6 47. Ra6+ Kg7 48. a4 Kh7 49. Bf8 Kh8 50. Rh6# 1-0

[Event "ICS rated blitz match"]
[Site "204.178.125.65"]
[Date "2000.04.13"]
[Round "?"]
[White "Hossa"]
[Black "QueenMaxima"]
[Result "1-0"]
[WhiteElo "2359"]
[BlackElo "2496"]
[PlyCount "58"]

1. e4 c5 2. Nf3 Nc6 3. d4 cxd4 4. Nxd4 Nf6 5. Nc3 d6 6. Bc4 Qb6 7. Nb3 e6 8.
Bf4 Ne5 9. Be2 a6 10. O-O Be7 11. Rb1 O-O 12. Be3 Qc7 13. Qd4 Bd7 14. Rbd1 b5
15. f4 Neg4 16. e5 Nxe3 17. exf6 Nxc2 18. Qe4 Bxf6 19. Bd3 Qb6+ 20. Rf2 g6 21.
Bxc2 b4 22. Ne2 d5 23. Qf3 Bxb2 24. Ned4 a5 25. Bxg6 Bxd4 26. Bxh7+ Kxh7 27.
Qh5+ Kg8 28. Rxd4 a4 29. f5 Qxd4 1-0

[Event "ICS rated standard match"]
[Site "204.178.125.65"]
[Date "2000.04.13"]
[Round "?"]
[White "MM3Quick"]
[Black "Hossa"]
[Result "0-1"]
[WhiteElo "2172"]
[BlackElo "2314"]
[PlyCount "41"]

1. c3 e5 2. d3 d5 3. e4 dxe4 4. dxe4 Qxd1+ 5. Kxd1 Bc5 6. f3 Nf6 7. Bc4 O-O 8.
Bg5 Nbd7 9. Kc2 h6 10. Bh4 Nb6 11. Bb3 a5 12. a4 Be3 13. Nd2 Rd8 14. Rd1 Rxd2+
15. Rxd2 Bxd2 16. Kxd2 Bd7 17. Ne2 Nxa4 18. Kc1 Nc5 19. Bc2 a4 20. Rd1 Bb5 21.
Ng3 0-1

[Event "ICS rated standard match"]
[Site "204.178.125.65"]
[Date "2000.04.13"]
[Round "?"]
[White "Hossa"]
[Black "MM3Quick"]
[Result "1-0"]
[WhiteElo "2324"]
[BlackElo "2162"]
[PlyCount "61"]

1. e4 c6 2. d4 d6 3. Nf3 Bg4 4. Bf4 Nd7 5. Be2 Bxf3 6. Bxf3 e5 7. dxe5 dxe5 8.
Bg3 Qc7 9. O-O f6 10. a4 Bc5 11. a5 a6 12. Ra4 Ne7 13. Bg4 O-O-O 14. Nd2 h5 15.
Bxh5 Kb8 16. b4 Ba7 17. Bg4 Nf8 18. Ra2 g5 19. Qc1 Nfg6 20. Rd1 Nf4 21. Nc4
Neg6 22. Ra3 Nh4 23. Bxf4 gxf4 24. Rxd8+ Rxd8 25. Rh3 Ng6 26. Qf1 Qg7 27. Bf5
Rg8 28. c3 Ne7 29. Rh7 Qf8 30. Be6 Rg5 31. Qd1 1-0

[Event "ICS rated blitz match"]
[Site "204.178.125.65"]
[Date "2000.04.13"]
[Round "?"]
[White "Hossa"]
[Black "RedBear"]
[Result "1-0"]
[WhiteElo "2381"]
[BlackElo "2558"]
[PlyCount "169"]

1. e4 e5 2. Nf3 Nc6 3. Bc4 Nf6 4. Ng5 d5 5. exd5 Na5 6. Bb5+ c6 7. dxc6 bxc6 8.
Be2 h6 9. Nf3 e4 10. Ne5 Bd6 11. d4 exd3 12. Nxd3 Qc7 13. b3 O-O 14. Bb2 Ne4
15. Nc3 f5 16. g3 Qe7 17. O-O Ba3 18. Bxa3 Qxa3 19. Qe1 Nb7 20. Ne5 Be6 21.
Nxe4 fxe4 22. Qc3 Bd5 23. Nxc6 Qd6 24. Nb4 Rac8 25. Qd4 Bf7 26. Qxe4 Rce8 27.
Qxb7 Rxe2 28. Rad1 Qc5 29. Rd7 a5 30. Nc6 Rxc2 31. Nd8 Qf5 32. Nxf7 Rxf7 33.
Rxf7 Qxf7 34. Qa8+ Qf8 35. Qxa5 Kh7 36. b4 Rb2 37. a3 Ra2 38. a4 Qe8 39. Qf5+
g6 40. Qc5 Rxa4 41. Qd4 Qe7 42. Rb1 Qb7 43. h4 h5 44. Qc4 Ra6 45. Re1 Rc6 46.
Qe4 Rc7 47. Qxb7 Rxb7 48. Re4 Rb5 49. f3 Kg7 50. Kf2 Kf6 51. Ke2 Rb7 52. Kd3
Kg7 53. Kc4 Rc7+ 54. Kb3 Kf6 55. Re3 Rc6 56. g4 Rc1 57. gxh5 gxh5 58. b5 Rh1
59. Re4 Rb1+ 60. Kc4 Rc1+ 61. Kd5 Rb1 62. Kc6 Rc1+ 63. Kd7 Rd1+ 64. Kc7 Rc1+
65. Kd6 Rd1+ 66. Kc5 Rc1+ 67. Rc4 Re1 68. b6 Re5+ 69. Kc6 Re6+ 70. Kb5 Re8 71.
b7 Rb8 72. Kc6 Ke5 73. Rc5+ Kf4 74. Rxh5 Kg3 75. Rg5+ Kf4 76. Kc7 Re8 77. Rg4+
Kxf3 78. Rg7 Kf4 79. b8=Q Re4 80. Qf8+ Ke3 81. Rg3+ Ke2 82. Qf3+ Kd2 83. Rg2+
Re2 84. Rxe2+ Kd1 85. Qf1# 1-0

[Event "ICS Rated standard match"]
[Site "204.178.125.65"]
[Date "2000.04.13"]
[Round "?"]
[White "manuelconj"]
[Black "Hossa"]
[Result "0-1"]
[WhiteElo "1963"]
[BlackElo "2305"]
[PlyCount "48"]

1. e4 e5 2. Nf3 Nc6 3. Bb5 a6 4. Ba4 Nf6 5. d3 d6 6. c3 b5 7. Bb3 Be7 8. Nbd2
O-O 9. Nf1 a5 10. Ng3 a4 11. Bc2 d5 12. O-O Bg4 13. h3 Bxf3 14. Qxf3 Qd7 15.
Bg5 a3 16. b3 d4 17. Nf5 dxc3 18. d4 Nxd4 19. Nxe7+ Qxe7 20. Qd3 Rfd8 21. Rae1
b4 22. Be3 Nf3+ 23. gxf3 Rxd3 24. Bxd3 Qd7 0-1

[Event "ICS rated standard match"]
[Site "204.178.125.65"]
[Date "2000.04.13"]
[Round "?"]
[White "Hossa"]
[Black "manuelconj"]
[Result "1-0"]
[WhiteElo "2309"]
[BlackElo "1959"]
[PlyCount "87"]

1. e4 d6 2. d4 Nf6 3. Nc3 g6 4. Nf3 Bg7 5. Be2 O-O 6. O-O Nc6 7. d5 Nb8 8. Be3
a5 9. Qd2 Na6 10. Ng5 Ng4 11. Bxg4 Bxg4 12. Rac1 h6 13. Nf3 Bxf3 14. gxf3 Kh7
15. Rb1 Qd7 16. Ne2 Qh3 17. f4 f5 18. exf5 gxf5 19. Qxa5 b6 20. Qb5 Nc5 21.
Bxc5 dxc5 22. Ng3 Qg4 23. Rfe1 Bf6 24. Qc4 h5 25. Qd3 h4 26. Qxf5+ Qg6 27.
Qxg6+ Kxg6 28. Ne4 Rxa2 29. Nxf6 Kxf6 30. Kg2 Rg8+ 31. Kh3 Ra4 32. Re6+ Kf7 33.
Rbe1 Rxf4 34. Rxe7+ Kg6 35. Rxc7 Kh6 36. Rc6+ Kh7 37. Re5 Rf3+ 38. Kxh4 Rf4+
39. Kh5 Rxf2 40. h4 Rxc2 41. Rxb6 Rd2 42. Rh6+ Kg7 43. d6 Rh8 44. Rg5+ 1-0

[Event "ICS rated standard match"]
[Site "204.178.125.65"]
[Date "2000.04.13"]
[Round "?"]
[White "manuelconj"]
[Black "Hossa"]
[Result "0-1"]
[WhiteElo "1955"]
[BlackElo "2313"]
[PlyCount "26"]

1. e4 e5 2. Nf3 Nc6 3. c3 Nf6 4. Bd3 d5 5. exd5 Qxd5 6. Qe2 Be6 7. c4 Qd6 8.
Nc3 O-O-O 9. Be4 Nd4 10. Nxd4 Qxd4 11. d3 Nxe4 12. Nb5 Bb4+ 13. Kf1 Qxd3 0-1

[Event "ICS rated standard match"]
[Site "204.178.125.65"]
[Date "2000.04.13"]
[Round "?"]
[White "Hossa"]
[Black "manuelconj"]
[Result "1-0"]
[WhiteElo "2317"]
[BlackElo "1951"]
[PlyCount "102"]

1. e4 d6 2. d4 Nf6 3. Nc3 g6 4. f4 Bg7 5. Nf3 c5 6. Bb5+ Bd7 7. e5 Ng4 8. e6
Bxb5 9. exf7+ Kf8 10. Nxb5 Qa5+ 11. Nc3 cxd4 12. Nxd4 Bxd4 13. Qxd4 Nf6 14. Qc4
Qc5 15. Qxc5 dxc5 16. Be3 b6 17. O-O-O Kxf7 18. Bf2 Nc6 19. Rd2 Rad8 20. Rhd1
Rxd2 21. Rxd2 Rd8 22. Rxd8 Nxd8 23. Bh4 Ne6 24. Bxf6 exf6 25. Nd5 Nd4 26. c3
Nc6 27. Ne3 Ke6 28. b3 Ne7 29. Kd2 Nf5 30. a4 Nxe3 31. Kxe3 Kf5 32. a5 b5 33.
a6 Ke6 34. Kd3 Kd5 35. f5 gxf5 36. Ke3 c4 37. b4 Ke5 38. g3 h5 39. Kf3 f4 40.
gxf4+ Kf5 41. h4 Ke6 42. Ke4 f5+ 43. Kd4 Kd6 44. Ke3 Kd5 45. Kf3 Kc6 46. Ke3
Kb6 47. Kd4 Kxa6 48. Kc5 Kb7 49. Kxb5 Kc7 50. Kxc4 Kb6 51. Kd5 a5 1-0

[Event "ICS Rated standard match"]
[Site "204.178.125.65"]
[Date "2000.04.14"]
[Round "?"]
[White "Hossa"]
[Black "Steffy"]
[Result "1-0"]
[WhiteElo "2320"]
[BlackElo "2225"]
[PlyCount "123"]

1. e4 Nf6 2. e5 Nd5 3. d4 d6 4. c4 Nb6 5. exd6 cxd6 6. Nf3 g6 7. h3 Bg7 8. Be2
O-O 9. O-O Nc6 10. Nc3 Bf5 11. Be3 d5 12. c5 Nc4 13. Bxc4 dxc4 14. Qa4 e5 15.
Rfd1 Nxd4 16. Nxd4 exd4 17. Bxd4 Bxd4 18. Qxc4 Bxf2+ 19. Kxf2 Qg5 20. Nd5 Rae8
21. Qd4 f6 22. h4 Qg4 23. Qxg4 Bxg4 24. Rd4 Re5 25. b4 f5 26. a4 a5 27. bxa5
Kg7 28. Re1 Rxe1 29. Kxe1 Re8+ 30. Kf2 Re2+ 31. Kg3 Rb2 32. Nb6 Be2 33. Rd7+
Kh6 34. Rxb7 Bf1 35. Rf7 Rxg2+ 36. Kf4 Rg4+ 37. Ke5 Rxh4 38. c6 Bg2 39. c7 Bb7
40. Rf8 Re4+ 41. Kd6 Rd4+ 42. Kc5 Rd1 43. Ra8 Rc1+ 44. Nc4 Bxa8 45. c8=Q Be4
46. a6 Rd1 47. a7 Rd5+ 48. Kb4 Rd1 49. a8=Q Bxa8 50. Qxa8 Rb1+ 51. Kc5 Rd1 52.
a5 Ra1 53. a6 Kh5 54. a7 Kh6 55. Kb5 Rb1+ 56. Ka6 Rc1 57. Na5 Re1 58. Qg8 Kg5
59. a8=Q Re4 60. Qxh7 Re6+ 61. Ka7 Ra6+ 62. Kxa6 1-0

[Event "ICS rated blitz match"]
[Site "204.178.125.65"]
[Date "2000.04.14"]
[Round "?"]
[White "janderson"]
[Black "Hossa"]
[Result "1-0"]
[WhiteElo "2233"]
[BlackElo "2405"]
[PlyCount "109"]

1. e4 d5 2. exd5 Qxd5 3. Nc3 Qd6 4. d4 Nf6 5. Nf3 c6 6. Be2 Bg4 7. O-O Nbd7 8.
h3 Bxf3 9. Bxf3 O-O-O 10. Be3 Nb6 11. Qe2 Qb4 12. Rab1 Nc4 13. a3 Nxa3 14. Na2
Qc4 15. bxa3 Qxe2 16. Bxe2 e6 17. Rb3 Nd5 18. c4 Nxe3 19. fxe3 f6 20. c5 Kc7
21. Rfb1 Rb8 22. Nb4 Be7 23. Bf3 a5 24. Nd3 Rhe8 25. Nf4 Bf8 26. Rb6 e5 27.
Bxc6 exf4 28. Bxe8 Rxe8 29. Rxb7+ Kc6 30. exf4 Rd8 31. R1b6+ Kd5 32. Rb8 Rxb8
33. Rxb8 Be7 34. Rb7 Bf8 35. Rd7+ Kc6 36. Rf7 Bxc5 37. dxc5 Kxc5 38. Rxg7 h5
39. Rf7 Kc4 40. Rxf6 Kd3 41. g4 hxg4 42. hxg4 Kc4 43. g5 Kb3 44. g6 Kc4 45. g7
Kd4 46. g8=Q Kd3 47. Qd5+ Kc2 48. Rc6+ Kb2 49. Qb5+ Ka2 50. Rc2+ Kxa3 51. Qxa5+
Kb3 52. Qc3+ Ka4 53. Ra2+ Kb5 54. Rb2+ Ka6 55. Qa3# 1-0

[Event "ICS rated standard match"]
[Site "204.178.125.65"]
[Date "2000.04.14"]
[Round "?"]
[White "thedailyllama"]
[Black "Hossa"]
[Result "1/2-1/2"]
[WhiteElo "2057"]
[BlackElo "2325"]
[PlyCount "94"]

1. e4 e5 2. Nf3 Nc6 3. d4 exd4 4. Nxd4 Nf6 5. Nxc6 bxc6 6. e5 Qe7 7. Qe2 Nd5 8.
c4 Ba6 9. Nd2 g6 10. b3 Bg7 11. Bb2 Nb4 12. Nf3 c5 13. Bc3 d5 14. Bxb4 cxb4 15.
Qe3 dxc4 16. Bxc4 Bxc4 17. bxc4 O-O 18. O-O a5 19. a3 bxa3 20. Rxa3 f6 21. Rfa1
fxe5 22. Rxa5 Rxa5 23. Rxa5 Qb4 24. Qd2 Qxc4 25. Nxe5 Qb3 26. g3 c6 27. Rc5 Rf5
28. f4 Qb1+ 29. Qc1 Qxc1+ 30. Rxc1 Bxe5 31. fxe5 Rxe5 32. Rxc6 Re7 33. Kg2 Kg7
34. Rd6 Re2+ 35. Kh3 h5 36. g4 Kh6 37. gxh5 Kxh5 38. Rd5+ g5 39. Kg3 Re3+ 40.
Kg2 Kh4 41. Rd8 g4 42. Rh8+ Kg5 43. Rg8+ Kh5 44. Rh8+ Kg6 45. Rg8+ Kh5 46. Rh8+
Kg6 47. Rg8+ Kh5 1/2-1/2